000 00278 a2200109 4500
001 76318
005 20260416141108.0
090 _a76318
100 _a20260416 pory50
200 _aMemórias do cárcere II
_fCamilo Castelo Branco
210 _cPublicações Europa-América
942 _cMON